Environmental Education : (Record no. 611782)

MARC details
000 -LEADER
fixed length control field 00488nam a2200193 a 4500
008 - FIXED-LENGTH DATA ELEMENTS--GENERAL INFORMATION
fixed length control field 260211s2009##################000#0#eng##
020 ## - INTERNATIONAL STANDARD BOOK NUMBER
ISBN 9789380252186
082 04 - DEWEY DECIMAL CLASSIFICATION NUMBER
Classification number 333.7071
Item number ARU
100 1# - MAIN ENTRY--AUTHOR NAME
Personal name Jothi, Arul,
245 10 - TITLE STATEMENT
Title Environmental Education :
260 ## - PUBLICATION, DISTRIBUTION, ETC. (IMPRINT)
Year of publication 2009.
300 ## - PHYSICAL DESCRIPTION
Number of Pages 280 pages
650 #0 - SUBJECT ADDED ENTRY--TOPICAL TERM
Topical Term Environmental education.
942 ## - ADDED ENTRY ELEMENTS (KOHA)
Koha item type English Books
Holdings
Withdrawn status Lost status Damaged status Not for loan Home library Current library Shelving location Date acquired Full call number Accession Number Price effective from Koha item type
        Anna Centenary Library Anna Centenary Library 4TH FLOOR, A WING 11.02.2026 333.7071 ARU 393520 11.02.2026 English Books

Find us on the map